000 00418nam a2200121Ia 4500
008 200922s9999 xx 000 0 und d
020 _a978-621-409-117-1
100 _aDapat, Rizal O.
245 _cRizal O. Dapat, Liza l. Chang
_aEssence and essentials of puirposive communication in the 21st century/
260 _aManila:
_bBooks Atbp. Publishing
_c2018
300 _axii, 344 pages
_c25 cm.
650 _aCommunication
999 _c364410
_d364410